[Event "Olympiad-45"]
[Site "Budapest"]
[Date "2024.09.21"]
[Round "10.1"]
[White "Kigigha, Bomo Lovet"]
[Black "Ssegwanyi, Arthur"]
[Result "1-0"]
[WhiteElo "2217"]
[BlackElo "2365"]
[PlyCount "145"]
[EventDate "2024.09.11"]
[EventType "team-swiss"]
[EventRounds "11"]
[EventCountry "HUN"]
[SourceTitle "EXT 2025"]
[Source "ChessBase"]
[SourceDate "2024.10.14"]
[SourceVersion "1"]
[SourceVersionDate "2024.10.14"]
[SourceQuality "1"]
[WhiteTeam "Nigeria"]
[BlackTeam "Uganda"]
[WhiteTeamCountry "NGR"]
[BlackTeamCountry "UGA"]

1. d4 Nf6 2. c4 e6 3. Nf3 d5 4. Nc3 Nbd7 5. cxd5 exd5 6. Bg5 h6 7. Bh4 Be7 8. e3 c6 9. Bd3 0-0 10. Qc2 Re8 11. h3 a6 12. Bg3 Bb4 13. 0-0 Qe7 14. Ne5 c5 15. a3 Bxc3 16. bxc3 c4 17. Be2 Ne4 18. Bh2 Nxe5 19. Bxe5 Bf5 20. Qb2 b5 21. a4 bxa4 22. Rxa4 Nc5 23. Ra5 Nd3 24. Bxd3 Bxd3 25. Rfa1 Qg5 26. Rxa6 Rxa6 27. Rxa6 Be4 28. Bg3 h5 29. h4 Qg4 30. Kh2 Qd1 31. Qb5 Rf8 32. f3 Bxf3 33. gxf3 Qe2+ 34. Kg1 Qxf3 35. Bf2 Qg4+ 36. Kf1 Qd1+ 37. Kg2 Qg4+ 38. Bg3 Qe2+ 39. Bf2 Qg4+ 40. Kh2 Qf3 41. Ra2 Rd8 42. Qb1 Re8 43. Qh1 Qf5 44. Qg2 Re4 45. Ra1 Rg4 46. Bg3 Qe6 47. Qf3 g6 48. Ra5 Re4 49. Bf4 Qf5 50. Qh3 Rxf4 51. exf4 Qxf4+ 52. Qg3 Qd2+ 53. Kh3 Qd1 54. Ra2 Qh1+ 55. Rh2 Qf1+ 56. Rg2 Qh1+ 57. Qh2 Qe1 58. Rg3 Qe6+ 59. Kg2 Qe2+ 60. Kh1 Qe1+ 61. Qg1 Qe4+ 62. Qg2 Qxh4+ 63. Kg1 Qf4 64. Qf3 Qd2 65. Qxd5 Qe1+ 66. Kh2 Qf2+ 67. Qg2 Qe1 68. Qf3 Kg7 69. Qe3 Qd1 70. Rg1 Qc2+ 71. Rg2 Qd1 72. d5 Kh7 73. Qd4 1-0

[Event "Olympiad-45"]
[Site "Budapest"]
[Date "2024.09.20"]
[Round "9.1"]
[White "Kigigha, Bomo Lovet"]
[Black "Khusenkhojaev, Mustafokhuja"]
[Result "0-1"]
[WhiteElo "2217"]
[BlackElo "2283"]
[PlyCount "58"]
[EventDate "2024.09.11"]
[EventType "team-swiss"]
[EventRounds "11"]
[EventCountry "HUN"]
[SourceTitle "EXT 2025"]
[Source "ChessBase"]
[SourceDate "2024.10.14"]
[SourceVersion "1"]
[SourceVersionDate "2024.10.14"]
[SourceQuality "1"]
[WhiteTeam "Nigeria"]
[BlackTeam "Tajikistan"]
[WhiteTeamCountry "NGR"]
[BlackTeamCountry "TJK"]

1. c4 Nf6 2. Nc3 c5 3. g3 d5 4. cxd5 Nxd5 5. Bg2 Nc7 6. b3 e5 7. Bb2 Be7 8. Rc1 f6 9. Nf3 0-0 10. 0-0 Nc6 11. d3 Be6 12. Ne4 b6 13. e3 Nb4 14. d4 f5 15. Nc3 e4 16. Ne1 cxd4 17. exd4 Bg5 18. Rb1 Ncd5 19. Nxd5 Nxd5 20. Nc2 Rc8 21. Qe2 Re8 22. Rfd1 Bf7 23. Bh3 f4 24. Bxc8 Qxc8 25. Ne1 f3 26. Qf1 e3 27. fxe3 Nxe3 28. Qxf3 Bd5 29. Rdc1 Qa6 0-1

[Event "Olympiad-45"]
[Site "Budapest"]
[Date "2024.09.18"]
[Round "7.1"]
[White "Kigigha, Bomo Lovet"]
[Black "Mwali, Chitumbo"]
[Result "1/2-1/2"]
[WhiteElo "2217"]
[BlackElo "2312"]
[PlyCount "233"]
[EventDate "2024.09.11"]
[EventType "team-swiss"]
[EventRounds "11"]
[EventCountry "HUN"]
[SourceTitle "EXT 2025"]
[Source "ChessBase"]
[SourceDate "2024.10.14"]
[SourceVersion "1"]
[SourceVersionDate "2024.10.14"]
[SourceQuality "1"]
[WhiteTeam "Nigeria"]
[BlackTeam "Zambia"]
[WhiteTeamCountry "NGR"]
[BlackTeamCountry "ZAM"]

1. e4 e5 2. Nf3 Nc6 3. Bb5 a6 4. Ba4 Nf6 5. 0-0 b5 6. Bb3 Be7 7. d4 d6 8. dxe5 Nxe5 9. Nxe5 dxe5 10. Qxd8+ Bxd8 11. a4 Rb8 12. axb5 axb5 13. Be3 c6 14. Ra7 Bb7 15. Nc3 Nd7 16. Rd1 Rf8 17. Nxb5 cxb5 18. Bd5 Bb6 19. Rxb7 Rxb7 20. Bxb7 Bxe3 21. Bc6 Bd4 22. c3 Ke7 23. cxd4 exd4 24. Rxd4 Nc5 25. b4 Ne6 26. Rd7+ Kf6 27. Rb7 Rc8 28. Rb6 Ke5 29. g3 Nd4 30. Bd5 g5 31. Bxf7 Rc1+ 32. Kg2 Rb1 33. Rb8 Kxe4 34. Bg8 Rxb4 35. Bxh7+ Ke5 36. Rg8 Ne6 37. Rg6 g4 38. Bg8 Nc5 39. h4 gxh3+ 40. Kxh3 Nd3 41. Re6+ Kf5 42. Re2 Kg6 43. Bd5 Kf6 44. f3 Rb2 45. Re6+ Kg5 46. f4+ Nxf4+ 47. gxf4+ Kxf4 48. Re4+ Kf5 49. Re3 Rd2 50. Bc6 b4 51. Kg3 Rd6 52. Bb5 Kf6 53. Ba4 Re6 54. Rd3 Re4 55. Kf3 Ke5 56. Bb3 Rd4 57. Re3+ Kd6 58. Ke2 Rg4 59. Kd3 Rh4 60. Re6+ Kc5 61. Re5+ Kb6 62. Bc4 Rh1 63. Rb5+ Kc6 64. Rxb4 Rd1+ 65. Kc2 Kc5 66. Ra4 Rg1 67. Bd3 Rh1 68. Kc3 Rc1+ 69. Bc2 Kb5 70. Rh4 Kc5 71. Rh5+ Kd6 72. Kd3 Kc6 73. Bb3 Rg1 74. Bc4 Rd1+ 75. Kc3 Rc1+ 76. Kd4 Rd1+ 77. Bd3 Kd6 78. Rh6+ Ke7 79. Ke4 Kf7 80. Bc4+ Kg7 81. Ra6 Rc1 82. Bd5 Rf1 83. Ke5 Rf2 84. Be4 Rf1 85. Bf5 Re1+ 86. Kf4 Kf7 87. Be4 Ke7 88. Ke5 Kd7 89. Ra7+ Kc8 90. Kd5 Rd1+ 91. Kc5 Kd8 92. Bd5 Ke8 93. Kd6 Kf8 94. Rf7+ Ke8 95. Rg7 Rf1 96. Rg3 Rf2 97. Rg1 Rf4 98. Be6 Rf2 99. Bc4 Rf4 100. Rg8+ Rf8 101. Rg7 Rf4 102. Be6 Rf2 103. Ra7 Kf8 104. Ra8+ Kg7 105. Rg8+ Kh6 106. Ke5 Kh5 107. Bc4 Kh4 108. Bd3 Rf3 109. Be2 Rf2 110. Bd3 Rf3 111. Be4 Rf1 112. Kd4 Re1 113. Bf3 Re7 114. Be4 Rd7+ 115. Ke5 Ra7 116. Kf4 Rf7+ 117. Bf5 1/2-1/2

[Event "Olympiad-45"]
[Site "Budapest"]
[Date "2024.09.16"]
[Round "6.68"]
[White "Mathurin, Nathaniel"]
[Black "Kigigha, Bomo Lovet"]
[Result "0-1"]
[WhiteElo "1982"]
[BlackElo "2217"]
[PlyCount "86"]
[EventDate "2024.09.11"]
[EventType "team-swiss"]
[EventRounds "11"]
[EventCountry "HUN"]
[SourceTitle "EXT 2025"]
[Source "ChessBase"]
[SourceDate "2024.10.14"]
[SourceVersion "1"]
[SourceVersionDate "2024.10.14"]
[SourceQuality "1"]
[WhiteTeam "Santa Lucia"]
[BlackTeam "Nigeria"]
[WhiteTeamCountry "SLU"]
[BlackTeamCountry "NGR"]

1. d4 Nf6 2. Nf3 e6 3. c4 Bb4+ 4. Nbd2 b6 5. a3 Bxd2+ 6. Qxd2 Bb7 7. g3 0-0 8. Bg2 d6 9. 0-0 Qc8 10. b4 Nbd7 11. Bb2 Be4 12. Rfd1 Qb7 13. Qc3 Rac8 14. Rac1 h6 15. c5 Qc6 16. d5 Bxd5 17. Nd4 Qa8 18. c6 Bxg2 19. cxd7 Bh3 20. Nc6 Rcd8 21. g4 Bxg4 22. Qg3 e5 23. Nxd8 Qxd8 24. f4 Bxe2 25. fxe5 Nh5 26. Qh3 Qg5+ 27. Kf2 Bg4 28. Qe3 Qf5+ 29. Kg1 Bxd1 30. exd6 Qxd7 31. dxc7 Bg4 32. Qd4 Qxd4+ 33. Bxd4 Nf4 34. Rc4 b5 35. c8Q Bxc8 36. Rc2 Bf5 37. Ra2 a6 38. Kf2 Be6 39. Ra1 Rc8 40. Ke3 Rc4 41. Rf1 g5 42. Ra1 Nd5+ 43. Ke4 Ne7 0-1

[Event "Olympiad-45"]
[Site "Budapest"]
[Date "2024.09.15"]
[Round "5.65"]
[White "Houssein, Mohamed Bilal"]
[Black "Kigigha, Bomo Lovet"]
[Result "0-1"]
[WhiteElo "1870"]
[BlackElo "2217"]
[PlyCount "114"]
[EventDate "2024.09.11"]
[EventType "team-swiss"]
[EventRounds "11"]
[EventCountry "HUN"]
[SourceTitle "EXT 2025"]
[Source "ChessBase"]
[SourceDate "2024.10.14"]
[SourceVersion "1"]
[SourceVersionDate "2024.10.14"]
[SourceQuality "1"]
[WhiteTeam "Djibouti"]
[BlackTeam "Nigeria"]
[WhiteTeamCountry "DJI"]
[BlackTeamCountry "NGR"]

1. e4 c5 2. Nf3 d6 3. d4 cxd4 4. Nxd4 Nf6 5. Nc3 a6 6. Be2 e5 7. Nb3 Be6 8. Be3 Be7 9. Nd5 Nxd5 10. exd5 Bf5 11. Qd2 Nd7 12. Na5 Qc7 13. c4 0-0 14. b4 Qb8 15. 0-0 Rc8 16. f4 Be4 17. Bd3 Bxd3 18. Qxd3 Bd8 19. Nb3 exf4 20. Bxf4 Qa7+ 21. Kh1 Bf6 22. Rac1 Be5 23. Be3 Qb8 24. Na5 Qc7 25. Qd2 Nf6 26. c5 Qe7 27. c6 b5 28. Rf3 Ne4 29. Qc2 Qh4 30. Rh3 Qg4 31. Qd1 Qg6 32. Qh5 Nc3 33. Qxg6 hxg6 34. Rc2 Nxd5 35. Bd2 Nc7 36. Bc3 Re8 37. Rc1 Bxc3 38. Rhxc3 Re4 39. a3 Rae8 40. h3 Re1+ 41. Rxe1 Rxe1+ 42. Kh2 Kf8 43. Nb7 Ke7 44. Kg3 Re4 45. Kf3 f5 46. Rd3 Re6 47. Na5 d5 48. Rc3 g5 49. Nb3 g6 50. Nd4 Re4 51. Rd3 Kd6 52. Rd2 Ne6 53. Ne2 Kxc6 54. Nc3 Rd4 55. Re2 Rd3+ 56. Kf2 Kd6 57. Nb1 Rb3 0-1

[Event "Africa-ch"]
[Site "Accra"]
[Date "2024.03.20"]
[Round "9"]
[White "Kigigha, Bomo Lovet"]
[Black "Pereira, Sergio"]
[Result "0-1"]
[WhiteElo "2231"]
[BlackElo "2017"]
[PlyCount "74"]
[EventDate "2024.03.13"]
[EventType "swiss"]
[EventRounds "9"]
[EventCountry "GHA"]
[SourceTitle "EXT 2025"]
[Source "ChessBase"]
[SourceDate "2024.10.14"]
[SourceVersion "1"]
[SourceVersionDate "2024.10.14"]
[SourceQuality "1"]

1. c4 e6 2. Nf3 Nf6 3. b3 d5 4. Bb2 c5 5. g3 Nc6 6. cxd5 exd5 7. Bg2 d4 8. 0-0 Bf5 9. e3 Be7 10. exd4 cxd4 11. Re1 0-0 12. Ne5 Rc8 13. Nxc6 bxc6 14. Na3 Re8 15. Nc4 Be6 16. Rc1 c5 17. Qc2 Bd5 18. Bh3 g6 19. Qd3 Rb8 20. Re5 Bf8 21. Rce1 Rxe5 22. Rxe5 Bxc4 23. Qxc4 Qa5 24. Qxd4 Qxa2 25. Rxc5 Qxb3 26. Bc3 Qd1+ 27. Kg2 Rb1 28. Bd7 Qf1+ 29. Kf3 Bxc5 30. Qxc5 Qd3+ 31. Kg2 Qe4+ 32. f3 Qe2+ 33. Kh3 Nxd7 34. Qxa7 Qe6+ 35. Kg2 Re1 36. Qd4 f6 37. h4 h5 0-1

[Event "Africa-ch"]
[Site "Accra"]
[Date "2024.03.18"]
[Round "7"]
[White "Kigigha, Bomo Lovet"]
[Black "Akpa, Prince"]
[Result "1-0"]
[WhiteElo "2231"]
[BlackElo "1845"]
[PlyCount "49"]
[EventDate "2024.03.13"]
[EventType "swiss"]
[EventRounds "9"]
[EventCountry "GHA"]
[SourceTitle "EXT 2025"]
[Source "ChessBase"]
[SourceDate "2024.10.14"]
[SourceVersion "1"]
[SourceVersionDate "2024.10.14"]
[SourceQuality "1"]

1. c4 Nf6 2. Nc3 g6 3. e4 d6 4. g3 Bg7 5. Bg2 e5 6. Nge2 Be6 7. d4 0-0 8. d5 Bc8 9. 0-0 Ne8 10. Be3 Na6 11. Qd2 f5 12. f4 Nf6 13. fxe5 dxe5 14. h3 Nxe4 15. Nxe4 fxe4 16. Nc3 Bd7 17. Nxe4 Qe7 18. c5 Rxf1+ 19. Rxf1 Rf8 20. d6 Rxf1+ 21. Bxf1 Qf7 22. Ng5 Qe8 23. Bc4+ Kh8 24. Nf7+ Kg8 25. dxc7 1-0

[Event "Lagos City Asibor Memorial 2nd"]
[Site "Lagos City"]
[Date "2024.01.28"]
[Round "7"]
[White "Lapite, Oluwadurotimi Opeol"]
[Black "Kigigha, Bomo Lovet"]
[Result "1/2-1/2"]
[WhiteElo "2166"]
[BlackElo "2251"]
[PlyCount "91"]
[EventDate "2024.01.25"]
[EventType "swiss"]
[EventRounds "7"]
[EventCountry "NGR"]
[SourceTitle "CBM 218 Extra"]
[Source "ChessBase"]
[SourceDate "2024.03.31"]
[SourceVersion "1"]
[SourceVersionDate "2024.03.31"]
[SourceQuality "1"]

1. Nf3 d5 2. e3 Nf6 3. c4 e6 4. Nc3 Be7 5. b3 0-0 6. Bb2 c5 7. cxd5 exd5 8. d4 Nc6 9. Be2 Ne4 10. 0-0 Bf6 11. Rc1 cxd4 12. Nxe4 dxe4 13. Nxd4 Bxd4 14. Bxd4 Qg5 15. Rc5 Qg6 16. f4 Rd8 17. Rg5 Qh6 18. Rh5 Qd6 19. Bc3 Qxd1 20. Rxd1 Rxd1+ 21. Bxd1 f5 22. g4 g6 23. Rg5 fxg4 24. Rd5 Be6 25. Rd6 Kf7 26. Kf2 Rd8 27. Rxd8 Nxd8 28. Be2 h5 29. Kg3 Nc6 30. Kh4 Ne7 31. Kg5 a6 32. Bd4 Bd5 33. Bc5 Nf5 34. Bf1 Ng7 35. Bb6 Ne6+ 36. Kh4 Kf6 37. h3 gxh3 38. Bxh3 Nf8 39. Bd4+ Kf7 40. Bc8 Bc6 41. f5 Nd7 42. Kg5 gxf5 43. Kxf5 Nf8 44. Kg5 Ne6+ 45. Bxe6+ Kxe6 46. Kxh5 1/2-1/2

[Event "Lagos City Asibor Memorial 2nd"]
[Site "Lagos City"]
[Date "2024.01.25"]
[Round "1"]
[White "Afam, Ndidi Ernest"]
[Black "Kigigha, Bomo Lovet"]
[Result "0-1"]
[WhiteElo "2068"]
[BlackElo "2251"]
[PlyCount "121"]
[EventDate "2024.01.25"]
[EventType "swiss"]
[EventRounds "7"]
[EventCountry "NGR"]
[SourceTitle "CBM 218 Extra"]
[Source "ChessBase"]
[SourceDate "2024.03.31"]
[SourceVersion "1"]
[SourceVersionDate "2024.03.31"]
[SourceQuality "1"]

1. e4 d5 2. exd5 Qxd5 3. Nf3 Bg4 4. Be2 c5 5. Nc3 Qd8 6. 0-0 Nc6 7. d4 cxd4 8. Nxd4 Bxe2 9. Ndxe2 e6 10. Bf4 Nf6 11. Qxd8+ Rxd8 12. Rfd1 Rxd1+ 13. Rxd1 Bc5 14. a3 0-0 15. b4 Be7 16. Kf1 Rc8 17. Ke1 a5 18. b5 Nb8 19. Bd6 Kf8 20. f3 Bxd6 21. Rxd6 Ke7 22. Rd2 Nbd7 23. Na4 Nd5 24. Nd4 Ne5 25. Nf5+ Kf8 26. Nd6 Rc7 27. Nb2 Ke7 28. Nf5+ exf5 29. Rxd5 Ke6 30. Rd2 Rc3 31. Na4 Rc4 32. Nb6 Rc5 33. a4 Nc4 34. Nxc4 Rxc4 35. Rd8 Rxc2 36. Rb8 Rxg2 37. Rxb7 Ra2 38. Rb6+ Ke7 39. Ra6 Rxa4 40. b6 g6 41. b7 Rb4 42. Rxa5 Rxb7 43. Kf2 f4 44. Kg2 Rb2+ 45. Kh3 h5 46. Ra4 Rb3 47. Rxf4 g5 48. Rf5 Rxf3+ 49. Rxf3 g4+ 50. Kg3 gxf3 51. Kxf3 Ke6 52. Ke4 f5+ 53. Kf4 Kf6 54. h4 Ke6 55. Kg5 Ke5 56. Kxh5 f4 57. Kg6 f3 58. h5 f2 59. h6 f1Q 60. Kg7 Qf6+ 61. Kg8 0-1

[Event "Olympiad-44"]
[Site "Chennai"]
[Date "2022.08.06"]
[Round "8.2"]
[White "Kigigha, Bomo Lovet"]
[Black "Smith, Shreyas"]
[Result "0-1"]
[WhiteElo "2251"]
[BlackElo "2147"]
[PlyCount "50"]
[EventDate "2022.07.29"]
[EventType "team-swiss"]
[EventRounds "11"]
[EventCountry "IND"]
[SourceTitle "CBM 210"]
[Source "ChessBase"]
[SourceDate "2022.10.31"]
[SourceVersion "1"]
[SourceVersionDate "2022.10.31"]
[SourceQuality "1"]
[WhiteTeam "Nigeria"]
[BlackTeam "Jamaica"]
[WhiteTeamCountry "NGR"]
[BlackTeamCountry "JAM"]

1. c4 c6 2. Nf3 d5 3. g3 Nf6 4. Bg2 dxc4 5. Na3 b5 6. b3 cxb3 7. Qxb3 e6 8. Bb2 Be7 9. Rc1 0-0 10. Ne5 Nd5 11. Nxc6 Nxc6 12. Rxc6 Bb7 13. Rc1 a6 14. 0-0 Rb8 15. Nc2 Qd7 16. d3 a5 17. d4 Rfc8 18. e4 Nb6 19. Ne3 Nc4 20. Nxc4 bxc4 21. Qc2 c3 22. Ba1 Ba6 23. Rfe1 Ba3 24. Rcd1 Bb5 25. Qb3 Bb2 0-1

[Event "Online Olym Div3 C"]
[Site "Chess.com INT"]
[Date "2021.08.28"]
[Round "6.2"]
[White "Kigigha, Bomo Lovet"]
[Black "Blackburn, Jonathan LB"]
[Result "0-1"]
[WhiteElo "2270"]
[BlackElo "2235"]
[PlyCount "51"]
[EventDate "2021.08.27"]
[EventType "team-tourn (rapid)"]
[EventRounds "9"]
[EventCountry "USA"]
[SourceTitle "CBM 204 Extra"]
[Source "ChessBase"]
[SourceDate "2021.11.30"]
[SourceVersion "1"]
[SourceVersionDate "2021.11.30"]
[SourceQuality "1"]
[WhiteTeam "Nigeria"]
[BlackTeam "Wales"]
[WhiteTeamCountry "NGR"]
[BlackTeamCountry "WLS"]

1. c4 g6 2. g3 Bg7 3. Bg2 c5 4. Nc3 Nc6 5. a3 d6 6. Rb1 Bf5 7. d3 Rb8 8. Bd2 Nf6 9. b4 0-0 10. bxc5 dxc5 11. Nf3 Qd7 12. h3 h6 13. g4 Be6 14. Bf4 Rbd8 15. Qd2 Kh7 16. g5 Nh5 17. gxh6 Nxf4 18. hxg7 Nxg2+ 19. Kf1 Kxg7 20. Kxg2 Rh8 21. h4 b6 22. h5 Rh6 23. Rbg1 Rdh8 24. hxg6 Bh3+ 25. Kh2 Bf1+ 26. Kg3 0-1

[Event "Online Olym Div3 C"]
[Site "Chess.com INT"]
[Date "2021.08.28"]
[Round "5.4"]
[White "Oatlhotse, Providence"]
[Black "Kigigha, Bomo Lovet"]
[Result "1-0"]
[WhiteElo "2188"]
[BlackElo "2270"]
[PlyCount "39"]
[EventDate "2021.08.27"]
[EventType "team-tourn (rapid)"]
[EventRounds "9"]
[EventCountry "USA"]
[SourceTitle "CBM 204 Extra"]
[Source "ChessBase"]
[SourceDate "2021.11.30"]
[SourceVersion "1"]
[SourceVersionDate "2021.11.30"]
[SourceQuality "1"]
[WhiteTeam "Botswana"]
[BlackTeam "Nigeria"]
[WhiteTeamCountry "BOT"]
[BlackTeamCountry "NGR"]

1. Nf3 Nf6 2. d4 c5 3. d5 g6 4. Nc3 Bg7 5. e4 d6 6. Bb5+ Nfd7 7. a4 0-0 8. 0-0 b6 9. Re1 Na6 10. Bc6 Rb8 11. Nb5 Nf6 12. Nxa7 Nb4 13. c3 Na6 14. Bb5 Qc7 15. Nc6 Ra8 16. e5 dxe5 17. Nfxe5 Bb7 18. Bf4 Nh5 19. Nxg6 Nxf4 20. Ncxe7+ 1-0

[Event "Accra zt 4.4"]
[Site "Accra"]
[Date "2019.04.22"]
[Round "2"]
[White "Kigigha, Bomo Lovet"]
[Black "Manan, Yoboue Hermann"]
[Result "1-0"]
[WhiteElo "2270"]
[BlackElo "2066"]
[PlyCount "87"]
[EventDate "2019.04.21"]
[EventType "swiss"]
[EventRounds "9"]
[EventCountry "GHA"]
[SourceTitle "EXT 2021"]
[Source "ChessBase"]
[SourceDate "2020.10.23"]
[SourceVersion "1"]
[SourceVersionDate "2020.10.23"]
[SourceQuality "1"]

1. c4 Nf6 2. g3 g6 3. Bg2 Bg7 4. Nf3 0-0 5. 0-0 d6 6. Nc3 c5 7. a3 Nc6 8. Rb1 Rb8 9. b4 Nd7 10. b5 Na5 11. Qa4 Bxc3 12. dxc3 b6 13. Bh6 Re8 14. h4 Nf6 15. Rbd1 Bd7 16. Ne1 Be6 17. Bd5 Qd7 18. Ng2 Bxd5 19. cxd5 c4 20. Ne3 a6 21. Rb1 Rec8 22. Qb4 axb5 23. Qxb5 Qxb5 24. Rxb5 Ne4 25. Rc1 Rc5 26. Rb4 b5 27. a4 e6 28. axb5 exd5 29. f3 Nxg3 30. Kf2 Nh5 31. Ra1 Nb7 32. Nc2 Nd8 33. Nd4 Rcc8 34. Ra7 Rb7 35. Rba4 Ng7 36. Rxb7 Nxb7 37. Ra7 Nc5 38. b6 Nf5 39. b7 Nxb7 40. Nxf5 gxf5 41. Rxb7 d4 42. cxd4 c3 43. Rb6 c2 44. Bc1 1-0

[Event "Accra zt 4.4"]
[Site "Accra"]
[Date "2019.04.21"]
[Round "1"]
[White "Kamara, Ansumana"]
[Black "Kigigha, Bomo Lovet"]
[Result "0-1"]
[WhiteElo "1895"]
[BlackElo "2270"]
[PlyCount "84"]
[EventDate "2019.04.21"]
[EventType "swiss"]
[EventRounds "9"]
[EventCountry "GHA"]
[SourceTitle "EXT 2020"]
[Source "ChessBase"]
[SourceDate "2019.10.17"]
[SourceVersion "1"]
[SourceVersionDate "2019.10.17"]
[SourceQuality "1"]

1. e4 c5 2. Nf3 Nc6 3. d4 cxd4 4. Nxd4 Qb6 5. Nb3 Nf6 6. Nc3 e6 7. Be3 Qc7 8. f3 Bb4 9. a3 Bxc3+ 10. bxc3 d6 11. Qd2 0-0 12. Bd3 e5 13. 0-0 Be6 14. c4 b6 15. Qe2 Rac8 16. h3 Nd8 17. Nd2 Nb7 18. f4 exf4 19. Rxf4 Nd7 20. Qh5 Ne5 21. Rh4 h6 22. Bxh6 Qc5+ 23. Kh1 Ng6 24. Bg5 Nxh4 25. e5 Ng6 26. Bf6 Qe3 27. Ne4 Qh6 28. Qxh6 gxh6 29. exd6 Nc5 30. Nxc5 Rxc5 31. Re1 Bd7 32. g4 Re8 33. Rxe8+ Bxe8 34. Bf5 Nf8 35. Be7 Bc6+ 36. Kg1 Rxc4 37. Bxf8 Kxf8 38. d7 Ke7 39. Kf2 Rc3 40. Bd3 Rxa3 41. Kg3 Be4 42. Kf4 Bxd3 0-1

[Event "Olympiad-43"]
[Site "Batumi"]
[Date "2018.09.26"]
[Round "3.29"]
[White "Kigigha, Bomo Lovet"]
[Black "Delgado Ramirez, Neuris"]
[Result "0-1"]
[WhiteElo "2300"]
[BlackElo "2619"]
[PlyCount "80"]
[EventDate "2018.09.24"]
[EventType "team-swiss"]
[EventRounds "11"]
[EventCountry "GEO"]
[SourceTitle "CBM 187"]
[Source "ChessBase"]
[SourceDate "2018.12.11"]
[SourceVersion "1"]
[SourceVersionDate "2018.12.11"]
[SourceQuality "1"]
[WhiteTeam "Nigeria"]
[BlackTeam "Paraguay"]
[WhiteTeamCountry "NGR"]
[BlackTeamCountry "PAR"]

1. c4 e5 2. g3 f5 3. Nc3 Nf6 4. Nf3 d6 5. Bg2 g6 6. 0-0 Bg7 7. d4 e4 8. Ng5 0-0 9. f3 exf3 10. Bxf3 Nc6 11. Nh3 h6 12. Nf4 g5 13. Nfd5 Nxd5 14. Bxd5+ Kh8 15. e3 Bd7 16. a3 Rb8 17. Qd3 a6 18. Bg2 b5 19. b4 Ne7 20. cxb5 axb5 21. Bb2 c6 22. Rf2 d5 23. Nb1 Nc8 24. Nd2 Nd6 25. Nb3 Qe7 26. Nc5 Rbe8 27. a4 bxa4 28. Rxa4 Bc8 29. Bc1 Nc4 30. Ra8 Qc7 31. Ra1 Rf7 32. Re2 f4 33. e4 Bg4 34. Rf2 fxg3 35. hxg3 Rxf2 36. Kxf2 Qf7+ 37. Kg1 Be2 38. Qc3 dxe4 39. Be3 Nxe3 40. Qxe3 Qc4 0-1

[Event "Abu Dhabi op 25th"]
[Site "Abu Dhabi"]
[Date "2018.08.13"]
[Round "7"]
[White "Jeet, Jain"]
[Black "Kigigha, Bomo Lovet"]
[Result "1-0"]
[WhiteElo "2136"]
[BlackElo "2317"]
[PlyCount "79"]
[EventDate "2018.08.07"]
[EventType "swiss"]
[EventRounds "9"]
[EventCountry "UAE"]
[SourceTitle "CBM 185 Extra"]
[Source "ChessBase"]
[SourceDate "2018.07.29"]
[SourceVersion "1"]
[SourceVersionDate "2018.07.29"]
[SourceQuality "1"]

1. e4 e6 2. d4 d5 3. Nc3 Bb4 4. exd5 exd5 5. Bd3 Nf6 6. Nge2 0-0 7. 0-0 h6 8. a3 Ba5 9. b4 Bb6 10. Na4 Nc6 11. Nxb6 axb6 12. c3 Ne4 13. f3 Nd6 14. Ng3 Ne7 15. Qc2 Bd7 16. a4 Qe8 17. b5 Be6 18. Re1 Qd8 19. Ba3 Qd7 20. f4 f5 21. Bxd6 Qxd6 22. Qe2 Rf6 23. Nh5 Rg6 24. Kh1 Kf7 25. Qc2 Qd7 26. Re5 c5 27. Qe2 c4 28. Bc2 Nc8 29. Re1 Nd6 30. Ng3 Ne4 31. Bxe4 dxe4 32. Qh5 Qd6 33. Rxf5+ Bxf5 34. Nxf5 Qe6 35. Nh4 Qg4 36. Qd5+ Kf8 37. Nxg6+ Qxg6 38. Rxe4 Rc8 39. h3 Qf6 40. Qxb7 1-0

[Event "Abu Dhabi op 25th"]
[Site "Abu Dhabi"]
[Date "2018.08.11"]
[Round "4"]
[White "Kigigha, Bomo Lovet"]
[Black "Nitin, Senthilvel"]
[Result "0-1"]
[WhiteElo "2317"]
[BlackElo "2449"]
[PlyCount "126"]
[EventDate "2018.08.07"]
[EventType "swiss"]
[EventRounds "9"]
[EventCountry "UAE"]
[SourceTitle "CBM 185 Extra"]
[Source "ChessBase"]
[SourceDate "2018.07.29"]
[SourceVersion "1"]
[SourceVersionDate "2018.07.29"]
[SourceQuality "1"]

1. c4 e5 2. g3 h5 3. h3 Nc6 4. Nc3 h4 5. g4 Nge7 6. Bg2 d6 7. Nf3 Ng6 8. d4 Be7 9. dxe5 dxe5 10. Qxd8+ Bxd8 11. Be3 Be6 12. b3 Nf4 13. Bf1 f6 14. Bd2 Nb4 15. 0-0-0 Be7 16. a3 Na6 17. Kb2 0-0-0 18. Bxf4 Rxd1 19. Nxd1 exf4 20. Nd4 Bf7 21. Nf5 Bf8 22. e3 g6 23. Nd4 Bd6 24. Nf3 Rd8 25. Be2 g5 26. b4 c5 27. b5 Nc7 28. Bd3 Na8 29. Kb3 Nb6 30. Nb2 fxe3 31. fxe3 Bg3 32. Rd1 Kc7 33. a4 Re8 34. a5 Nc8 35. Rf1 Nd6 36. Nd1 Bg8 37. Nd2 Rd8 38. Kc2 Nf7 39. Rxf6 Ne5 40. b6+ axb6 41. axb6+ Kb8 42. Be2 Be1 43. Nf3 Nxf3 44. Rxf3 Bh7+ 45. Kb3 Be4 46. Rf7 Kc8 47. Rc7+ Kb8 48. Re7 Bg2 49. Nb2 Ba5 50. Na4 Bxb6 51. Nxb6 Rd2 52. Re8+ Ka7 53. Nc8+ Ka6 54. Re6+ Ka5 55. Bf1 Bxf1 56. Nd6 Bg2 57. e4 Rd3+ 58. Kc2 Rxh3 59. Nxb7+ Kb4 60. Re5 Rc3+ 61. Kd2 h3 62. Rxc5 Rxc4 63. Rb5+ Kxb5 0-1

[Event "Abu Dhabi op 25th"]
[Site "Abu Dhabi"]
[Date "2018.08.09"]
[Round "3"]
[White "Idani, Pouya"]
[Black "Kigigha, Bomo Lovet"]
[Result "1/2-1/2"]
[WhiteElo "2599"]
[BlackElo "2317"]
[PlyCount "133"]
[EventDate "2018.08.07"]
[EventType "swiss"]
[EventRounds "9"]
[EventCountry "UAE"]
[SourceTitle "CBM 185 Extra"]
[Source "ChessBase"]
[SourceDate "2018.07.29"]
[SourceVersion "1"]
[SourceVersionDate "2018.07.29"]
[SourceQuality "1"]

1. e4 e6 2. d4 d5 3. Nd2 c5 4. Ngf3 Nf6 5. exd5 Nxd5 6. dxc5 Bxc5 7. Ne4 Be7 8. Bc4 Nc6 9. 0-0 0-0 10. Qe2 Qc7 11. Rd1 Nb6 12. Bb5 a6 13. Bxc6 bxc6 14. Ng3 Bb7 15. Nh5 c5 16. Bf4 Qc6 17. Be5 f6 18. Bd6 Rae8 19. Bxe7 Rxe7 20. c4 Qe4 21. Qxe4 Bxe4 22. b3 a5 23. Rd6 Rb8 24. Re1 Bxf3 25. gxf3 Kf7 26. Ng3 a4 27. Red1 axb3 28. axb3 f5 29. R1d3 Reb7 30. Ne2 Nc8 31. Ra6 g5 32. Nc1 Nb6 33. Rd6 Ke7 34. Rc6 Rd8 35. Kg2 Rd1 36. Raxb6 Rxb6 37. Rxb6 Rxc1 38. Rb7+ Kf6 39. Rxh7 Rb1 40. Rc7 Rxb3 41. Rxc5 Rb1 42. Rc8 Rc1 43. c5 Ke5 44. Rc6 Kd5 45. Rc7 Ke5 46. Rg7 Kf6 47. Rc7 Ke5 48. Rc6 Kd5 49. Rc8 Ke5 50. Rg8 Kf6 51. Rf8+ Ke5 52. Rc8 Kf4 53. c6 Rc5 54. c7 e5 55. h3 Rc2 56. Kg1 Rc1+ 57. Kh2 Rc2 58. Kg2 Rc5 59. Ra8 Rxc7 60. Ra4+ e4 61. fxe4 fxe4 62. Ra8 Rf7 63. Ra3 Rb7 64. Ra4 Rb8 65. Ra7 Rf8 66. Re7 Rf6 67. Re8 1/2-1/2